Calvin and Hobbes Trivia - Statistics

General Stats
  • This quiz has been taken 132 times
    38 since last reset
  • The average score is 14 of 38
Answer Stats
Hint Answer % Correct
How old is Calvin? 6
100%
What kind of animal is Hobbes? Tiger
100%
What little girl is Calvin's neighbor and classmate? Susie Derkins
96%
What is Hobbes' favorite food? Tuna
82%
Who is Calvin's space explorer alter ego? Spaceman Spiff
75%
Who wrote Calvin and Hobbes? Bill Watterson
71%
Who is the class bully? Mo
71%
What sport did Calvin and Hobbes invent? Calvinball
64%
Who is Calvin's babysitter? Rosalyn
61%
Who is Calvin's teacher? Miss Wormwood
57%
What is Calvin's favorite cereal? Chocolate Frosted Sugar Bombs
54%
What year was the first Calvin and Hobbes comic published? 1985
43%
Name Calvin's four cardboard box "inventions". Time Machine
43%
Who is Calvin's superhero alter ego? Stupendous Man
39%
Which of Calvin's toys always tries to "attack" him? Bicycle
36%
What does Calvin's dad do for a living? Lawyer
36%
How many leaves did Calvin "sell" the Earth for? 50
32%
Duplicator
32%
What is Calvin's favorite bedtime story? Hamster Huey and the Gooey Kablooie
29%
Yukon Ho!
25%
Name the 11 stand-alone Calvin and Hobbes books: Calvin and Hobbes
21%
What are Hobbes' two ranks in the club G.R.O.S.S.? President
21%
Something Under the Bed is Drooling
18%
There's Treasure Everywhere
18%
Attack of the Deranged Mutant Killer Monster Snowgoons
14%
First Tiger
14%
Homicidal Psycho Jungle Cat
14%
It's a Magical World
14%
The Days Are Just Packed
14%
The Revenge of the Baby-Sat
14%
Who is Calvin's private eye alter ego? Tracer Bullet
14%
Who is Calvin's principle? Mr. Spittle
11%
Nebular
11%
Scientific Progress Goes "Boink"
7%
What two aliens "buy" the Earth from Calvin? Galaxoid
4%
Transmogriphier
4%
Weirdos From Another Planet!
4%
Cerebral Enhance O Tron
0%
No matching quizzes found
Score Distribution
Percent of People with Each Score
Percentile by Number Answered
Your Score History
You have not taken this quiz since the last reset